La ley Boca y la exención del IVA (Registro nro. 35470)

Detalles MARC
000 -LEADER
fixed length control field 00337 a2200121 4500
001 - CONTROL NUMBER
control field ART_54816
005 - DATE AND TIME OF LATEST TRANSACTION
control field 20260410162047.0
008 - FIXED-LENGTH DATA ELEMENTS--GENERAL INFORMATION
fixed length control field 260409a
100 1# - MAIN ENTRY--PERSONAL NAME
Personal name Bertazza, Humberto J.
245 10 - TITLE STATEMENT
Title La ley Boca y la exención del IVA
700 1# - ADDED ENTRY--PERSONAL NAME
Personal name Serra, Marcelo
773 0# - HOST ITEM ENTRY
Title Impuestos
Related parts - N°108 (sep. 2021)
Record control number REV45175

No hay ítems disponibles.